000 00582nam a2200217u 4500
001 18784
003 BD-RjUL
005 20211209000332.0
008 140222s19581956enka j 000 0 eng
035 _a(BD-RjUL)18842
040 _aDLC
_cCarP
_dDLC
_beng
041 _aeng
082 _a823.9
_bBAK 1958
100 1 _aBayley, Viola. [from old catalog]
_957925
245 1 0 _aKashmir adventure /
_cViola Bayley
260 _aLondon :
_bDent,
_c[c1956] reprinting 1958
300 _a151 p. :
_billus. ;
_c20 cm.
942 _2ddc
_cBK
999 _c18784
_d18784